Az abortusz etikája
Elmentve itt :
| Szerző: | |
|---|---|
| További közreműködők: | |
| Adatforrás: | Philobibl |
| Forrásdokumentuma: | Korunk 18.2007:5. p. 42-52. |
| Dokumentumtípus: | Cikk |
| Nyelv: | magyar |
| Kulcsszavak: | etika abortusz |
| Megjelent: |
2007
|
| LEADER | 00390nab a2200145 c 4500 | ||
|---|---|---|---|
| 001 | bibPHI0032321 | ||
| 005 | 20200924123024.9 | ||
| 008 | 080627s2007 rm hun | ||
| 100 | 1 | |a Frunza, Michaela | |
| 245 | 1 | 3 | |a Az abortusz etikája |c Michaela Frunza [ford. Rigán Lóránd] |
| 260 | |a 2007 | ||
| 695 | |a etika | ||
| 695 | |a abortusz | ||
| 700 | 1 | |a Rigán Lóránd | |
| 773 | 0 | |t Korunk |g 18.2007:5. p. 42-52. | |